000 00419nam a22001697a 4500
003 MACL
005 20160115131416.0
008 160115b xxu||||| |||| 00| 0 eng d
040 _cMACL
041 _aEnglish
082 _a300/CHA
100 _aChandra Prakash Mehta
_932568
245 _aCostumes Of Indian Tribes
260 _aNew Delhi
_bDicover Publication
_c2013
650 _aCostumes
_910340
942 _2ddc
_cBK
999 _c52428
_d52428